Statystyki dla Które państwo z Europy ma najwięcej sąsiadów?

Kliknij tutaj aby rozwiązać quiz!

Ogólne statystyki

  • Ten quiz został rozwiązany 390 razy
    (302 od ostatniego zresetowania)
  • Średni wynik to 9 z 13

Statystyki odpowiedzi

Liczba sąsiadówPaństwo% Poprawnych
9Niemcy
95%
14Rosja
95%
7Polska
94%
8Francja
82%
7Ukraina
73%
8Austria
72%
8Serbia
71%
6Włochy
69%
5Szwajcaria
63%
7Węgry
61%
5Rumunia
60%
5Bułgaria
46%
5Macedonia
39%

Rozkład punktacji

Percentyl według liczby udzielonych odpowiedzi

Procent ludzi z każdym wynikiem

Twoja historia wyników

Nie rozwiązałeś tego quizu od ostatniego zresetowania